| 000 | 00350nam a22001337a 4500 | ||
|---|---|---|---|
| 008 | 260530b |||||||| |||| 00| 0 eng d | ||
| 020 | _a9789381275177 | ||
| 082 | _a001910 | ||
| 100 | _aNagasampige, A V | ||
| 245 | _aNyaya Pradip of Ganga Sahaya Sharma | ||
| 260 |
_aBangalore _bPoorna Prajna Samshodhan Trust _c2012 |
||
| 300 | _a162p | ||
| 942 | _2ddc | ||
| 999 |
_c1488 _d1488 |
||